000 00342nam a2200121Ia 4500
008 190216s9999||||xx |||||||||||||| ||und||
100 _aAbdul Assis Koroth
245 0 _aInformation Technology For Business Analysis
260 _bCalicut University Central Co-Operative
_c2009
300 _a302
650 _aInformation Technology
942 _cBK
999 _c9013
_d9013